000 00945nas a2200325 4500
001 BR0500084
003 BR-BrBNA
005 20231205105037.0
007 ta
008 230509b bl.|||p| |||| 00| 00por d
040 _aBR-BrBNA
_bpor
_cBiblioteca Nacional de Agricultura
041 _a(Pt)
072 _aS40; Q03
100 1 _aAndrade, F.F.
100 1 _aFerro, V.C.
100 1 _aSilva, V.G. da
100 1 _aFalcão, M.C.
245 1 _aMerenda escolar: municipalização e atribuições do nutricionista
650 _aALIMENTO INFANTIL
650 _aESCOLA
650 _aINSPEÇÃO SANITÁRIA
650 _aCONTROLE DE QUALIDADE
650 _aHIGIENE DE ALIMENTO
650 _aEQUIPAMENTO
650 _aSAÚDE PÚBLICA
650 _aSÃO PAULO
773 0 _tHigiene Alimentar (Brazil)
_xISSN 0101-9171
_g(Sep. 2004), v. 18(124) p. 43-49
_wBR0500084
909 _a202311
_bLúcia
_c55
_dLúcia Elande
942 _2AGRIS
_n0
_cANA
999 _c180943
_d180943